PSV players (2000-2010) - Statistics

General Stats
  • This quiz has been taken 6 times
  • The average score is 23 of 108
Answer Stats
Rank Player Positions Nationality Matches Goals (assists) Period % Correct
8 Heurelho Gomes GK 128 0 (1) 2004-2008
100%
7 Mark van Bommel CM 136 40 (36) 2000-2005
80%
19 Alex CB 84 11 (5) 2004-2007
60%
31 Andreas Isaksson GK 67 0 (0) 2008-2010
60%
35 DaMarcus Beasley LB 56 10 (10) 2004-2006
60%
28 Édison Méndez AM 72 9 (8) 2006-2009
60%
4 Ibrahim Afellay AM 140 29 (18) 2003-2010
60%
12 Jefferson Farfán RW 118 57 (23) 2004-2008
60%
5 Johann Vogel DM 138 6 (8) 2000-2005
60%
9 Mateja Kežman ST 122 105 (15) 2000-2004
60%
40 Ola Toivonen ST 47 19 (9) 2008-2010
60%
16 Phillip Cocu DM 94 23 (21) 2004-2007
60%
6 Wilfred Bouma LB 137 10 (17) 2000-2006
60%
1 André Ooijer CB 166 14 (16) 2000-2006, 2009-2010
40%
34 Arjen Robben RW 56 17 (17) 2002-2004
40%
37 Arouna Koné ST 53 21 (11) 2005-2008
40%
21 Balázs Dzsudzsák AM 81 28 (27) 2007-2010
40%
10 Carlos Salcido CB 121 3 (3) 2006-2010
40%
98 Cássio GK 1 0 (0) 2008-2009
40%
20 Danko Lazovic CF 82 24 (19) 2007-2010
40%
13 Dennis Rommedahl RW 117 27 (44) 2000-2004
40%
45 Francisco Rodríguez CB 38 2 (1) 2008-2010
40%
43 Ismail Aissati AM 44 3 (0) 2005-2008
40%
15 Jason Culina CM 98 3 (11) 2005-2009
40%
53 Jérémie Bréchet CB 27 1 (0) 2008-2009
40%
32 Ji-sung Park AM 64 13 (7) 2002-2005
40%
63 Jonathan Reis ST 15 3 (1) 2007-2008, 2009-2010
40%
54 Joonas Kolkka RW 27 4 (5) 2000-2001
40%
51 Mika Väyrynen CM 29 2 (1) 2005-2008
40%
18 Otman Bakkal AM 92 24 (7) 2003-2004, 2007-2010
40%
14 Ronald Waterreus GK 109 0 (0) 2000-2004
40%
73 Ruud van Nistelrooy ST 10 2 (2) 2000-2001
40%
69 Slobodan Rajković CB 13 0 (0) 2007-2008
40%
49 Stanislav Manolev RB 30 2 (6) 2009-2010
40%
2 Timmy Simons DM 158 14 (6) 2005-2010
40%
22 Young-pyo Lee LB 81 1 (13) 2002-2006
40%
39 Adil Ramzi LM 49 6 (3) 2000-2003
20%
48 Alcides CB 30 2 (3) 2006-2008
20%
24 Danny Koevermans ST 77 33 (9) 2007-2010
20%
68 Diego Tardelli ST 13 3 (1) 2006-2007
20%
29 Dirk Marcellis CB 68 0 (4) 2007-2010
20%
25 Eric Addo CB 76 3 (1) 2000-2009
20%
86 Fagner RB 3 1 (0) 2007-2008
20%
78 Género Zeefuik ST 7 0 (0) 2006-2008
20%
58 Gerald Sibon ST 21 6 (2) 2004-2006
20%
3 Jan Vennegoor of Hesselink ST 157 73 (17) 2001-2007
20%
94 Jelle ten Rouwelaar GK 2 0 (0) 2002-2003
20%
50 Johan Vonlanthen LM 29 5 (1) 2003-2005
20%
17 John de Jong AM 92 18 (19) 2000-2002, 2003-2005
20%
26 Kasper Bøgelund RB 75 0 (4) 2000-2005
20%
65 Kenneth Pérez ST 14 8 (5) 2007-2008
20%
101 Lee Nguyen AM 1 0 (0) 2005-2006
20%
61 Manuel da Costa CB 16 1 (0) 2006-2008
20%
70 Michael Ball LB 12 0 (0) 2005-2006
20%
103 Michael Jakobsen CB 1 0 (0) 2003-2004
20%
47 Michael Lamey RB 38 2 (4) 2004-2007
20%
57 Michael Reiziger RB 24 1 (0) 2005-2007
20%
55 Mike Zonneveld LB 26 2 (0) 2007-2009
20%
38 Nordin Amrabat RW 50 8 (9) 2008-2010
20%
66 Patrick Lodewijks GK 14 0 (0) 2001-2002
20%
64 Robert ST 15 2 (2) 2004-2006
20%
107 Robert van Boxel CB 1 0 (0) 2002-2003
20%
60 Stijn Wuytens CB 17 1 (1) 2008-2010
20%
83 Xiang Sun LB 5 0 (0) 2006-2007
20%
90 Yves Lenaerts GK 3 0 (0) 2002-2003
20%
91 Archie Thompson ST 2 0 (0) 2005-2006
0%
27 Arnold Bruggink AM 73 26 (15) 2000-2003
0%
71 Björn van der Doelen CM 11 2 (0) 2000-2001
0%
72 Chris van der Weerden RB 11 0 (1) 2000-2001
0%
76 Cláudio ST 8 2 (0) 2000-2001
0%
77 Csaba Fehér DM 7 0 (0) 2004-2005, 2006-2007
0%
92 Daniel Guijo-Velasco AM 2 0 (0) 2003-2004
0%
99 Edson Sousa ST 1 0 (0) 2003-2004
0%
74 Edwin Zoetebier GK 9 0 (0) 2004-2006
0%
42 Erik Pieters LB 44 0 (2) 2008-2010
0%
33 Ernest Faber CB 58 0 (1) 2000-2004
0%
93 Frank Kooiman GK 2 0 (0) 2002-2003
0%
84 Funso Ojo CM 4 0 (0) 2008-2010
0%
85 Gino Coutinho GK 4 0 (0) 2000-2001
0%
46 Giorgi Gakhokidze LW 38 3 (4) 2000-2003
0%
87 Ivica Kralj GK 3 0 (0) 2001-2002
0%
81 Jagos Vukovic CB 5 1 (0) 2009-2010
0%
36 Jan Heintze LB 54 0 (3) 2000-2003
0%
30 Jan Kromkamp RB 68 1 (11) 2006-2010
0%
82 Jordi Hoogstrate CM 5 0 (0) 2003-2004
0%
56 Jürgen Colin CB 24 1 (1) 2001-2002, 2003-2004
0%
79 Jürgen Dirkx CB 7 0 (0) 2000-2001, 2002-2003
0%
23 Kevin Hofland CB 78 4 (6) 2000-2004
0%
100 Klaas-Jan Huntelaar ST 1 0 (0) 2002-2003
0%
59 Leandro Bonfim AM 18 1 (4) 2002-2005
0%
102 Léon Hese CB 1 0 (0) 2001-2002
0%
88 Marquinho AM 3 0 (1) 2000-2002
0%
52 Orlando Engelaar DM 28 2 (4) 2009-2010
0%
95 Oscar Moens GK 2 0 (0) 2006-2007
0%
104 Osmar Ferreyra AM 1 0 (0) 2005-2006
0%
105 Ovidiu Stîngă RM 1 0 (0) 2000-2001
0%
62 Patrick Kluivert ST 16 3 (3) 2006-2007
0%
96 Reimond Manco AM 2 0 (1) 2008-2009
0%
44 Remco van der Schaaf CB 39 0 (3) 2002-2005
0%
106 Rob van Dijk GK 1 0 (0) 2003-2004
0%
89 Rob Wielaert CB 3 0 (0) 2001-2002
0%
75 Roy Beerens RW 9 1 (0) 2005-2007
0%
67 Stef Nijland AM 14 1 (2) 2008-2009
0%
11 Theo Lucius DM 119 7 (7) 2000-2006
0%
108 Tomasz Iwan RM 1 0 (0) 2000-2001
0%
97 Tom van der Leegte DM 2 0 (0) 2007-2008
0%
41 Yuriy Nikiforov CB 45 1 (0) 2000-2002
0%
80 Zakaria Labyad AM 6 2 (0) 2009-2010
0%
No matching quizzes found
Score Distribution
Percent of People with Each Score
Percentile by Number Answered
Your Score History
You have not taken this quiz